| 000 | 00600nam a2200193Ia 4500 | ||
|---|---|---|---|
| 005 | 20250425162814.0 | ||
| 008 | 250425s9999 xx 000 0 und d | ||
| 020 | _a008036375X | ||
| 082 |
_a551.46 _pBRO |
||
| 100 | _aBrown, Joan | ||
| 245 | 0 |
_aCase studies in oceanography and marine affairs _cJoan Brown, Angela Colling, Dave Park y otros |
|
| 260 |
_aOxford _bOPEN UNIVERSITY _c1991 |
||
| 300 |
_a248 p. _bilustraciones _c26 cm. |
||
| 500 | _aIncluye índice | ||
| 650 |
_aOceanografía _eRecursos Marinos |
||
| 700 | _aColling, Angela; Park, Dave; y otros | ||
| 942 | _c01 | ||
| 010 | _a109359 | ||
| 999 |
_c236805 _d236805 |
||